| 000 | 00000nam 2200000zi 4500 |
| 001 | 9.862655 |
| 003 | CaOODSP |
| 005 | 20250327163102 |
| 006 | m o d f |
| 007 | cr cn||||||||| |
| 008 | 181002t20182018onca o f000 0 chi d |
| 020 | |a9780660279923 |
| 040 | |aCaOODSP|bfre|erda|cCaOODSP |
| 041 | |achi|beng |
| 043 | |an-cn--- |
| 086 | 1 |aHP10-23/2015Chi1-PDF|zHP10-23/2015Ch1-PDF |
| 245 | 00|a[Pourquoi faut-il éviter de donner la fessée?] : |b[conseils pour guider le comportement de votre enfant de façon positive]. |
| 250 | |a[Édition chinois traditionnel]. |
| 264 | 1|a[Ottawa] : |b[Agence de la santé publique du Canada], |c[2018] |
| 264 | 4|c©2018 |
| 300 | |a1 online resource (2 pages) : |billustrations en couleur |
| 336 | |atexte|btxt|2rdacontent/fre |
| 337 | |ainformatique|bc|2rdamedia/fre |
| 338 | |aressource en ligne|bcr|2rdacarrier/fre |
| 500 | |aTitre en français fourni par l'éditeur. |
| 500 | |aPublié aussi en français sous le titre : Pourquoi faut-il éviter de donner la fessée? Conseils pour guider le comportement de votre enfant de façon positive. |
| 520 | |a « En tant que parent, on peut parfois se sentir frustré du comportement de nos enfants et ne pas savoir quoi faire. Tous les enfants ont besoin d'être guidés pour apprendre à se maîtriser. Guider les enfants de façon positive leur permet d'acquérir des compétences, favorise leur estime de soi et renforce le lien d'attachement parent-enfant. Or, les punitions physiques, ne favorisent pas une discipline positive. Les enfants ont besoin de vivre une relation sécurisante, stable et enrichissante avec leurs parents. Voici des conseils pour vous aider à guider le comportement de votre enfant de façon positive » -- Fourni par l'éditeur. |
| 546 | |aTexte en chinois traditionnel; comprend du texte en anglais. |
| 692 | 07|2gccst|aArt d'être parent |
| 710 | 2 |aAgence de santé publique du Canada. |
| 775 | 08|tPourquoi faut-il éviter de donner la fessée? |w(CaOODSP)9.677571 |
| 791 | |t[What's wrong with spanking?] : |eeng|w(CaOODSP)9.862653 |
| 856 | 40|qPDF|s1.99 Mo|uhttps://publications.gc.ca/collections/collection_2019/aspc-phac/HP10-23-2015-chi1.pdf |
| 986 | |a180320 |